| 000 | 01072cam a22003257a 4500 | ||
|---|---|---|---|
| 003 | CHAP | ||
| 005 | 20220817043039.0 | ||
| 008 | 971010s1968 r 00010 d | ||
| 010 | _a63853 | ||
| 011 | _a64825 | ||
| 035 | _a70954 | ||
| 040 | _cCHAP | ||
| 090 | _aTesis | ||
| 100 | 0 | 0 |
_aDíaz Marín, Luis Fernando. _933546 |
| 245 | 1 | 3 | _aEl ensilado de maguey en la manutención del ganado ovino en el Edo. de Hidalgo |
| 260 |
_aChapingo, Méx. : _bEl autor, _c1968 |
||
| 300 | _a29 p. ilus. | ||
| 502 | _aTesis (Ing. Agrónomo Esp. en Zootecnia) -- ENA. Departamento de Zootecnia | ||
| 590 |
_aALEPH _b10 _c20130110 _lUCH01 _h1347 |
||
| 590 |
_aBATCH-UPD _b10 _c20130110 _lUCH01 _h1828 |
||
| 590 |
_aBATCH-UPD _b10 _c20130410 _lUCH01 _h1201 |
||
| 590 |
_aBATCH-UPD _b10 _c20130913 _lUCH01 _h2023 |
||
| 590 |
_aCONVERSION _b10 _c20130109 _lUCH01 _h1334 |
||
| 650 | 1 | 4 | _aAgave como forraje. |
| 650 | 1 | 4 |
_aGanado lanar _xAlimentación. _945153 |
| 901 | _aBK | ||
| 942 | _cTESIS | ||
| 949 |
_aD551 _bZ _cTESBD _d-3545 _eTS1 _i70954 _si |
||
| 949 |
_bBC _cTES _d-63772 _eTS1 _i70954 _si |
||
| 999 |
_c63853 _d63853 |
||